Medzinárodné obchodné podmienky - INCOTERMS

INCOTERMS - medzinárodné obchodné podmienky, ktoré vydáva Medzinárodná obchodná komora so sídlom v Paríži a schvaľuje Komisia OSN pre medzinárodné obchodné právo. Všeobecné princípy používania týchto podmienok a pripravovaná revízia.

Salvato in:
Dettagli Bibliografici
Autore principale: Valachovičová, Viktória
Natura: Capitolo di libro
Lingua:slovacco
Soggetti:
Tags: Aggiungi Tag
Nessun Tag, puoi essere il primo ad aggiungerne!!

MARC

LEADER 00000naa$a2200000$$$4500
001 0115442
005 20240502072303.8
041 0 |a slo 
044 |a SK 
245 1 0 |a Medzinárodné obchodné podmienky - INCOTERMS  |c Viktória Valachovičová 
520 |a INCOTERMS - medzinárodné obchodné podmienky, ktoré vydáva Medzinárodná obchodná komora so sídlom v Paríži a schvaľuje Komisia OSN pre medzinárodné obchodné právo. Všeobecné princípy používania týchto podmienok a pripravovaná revízia. 
610 2 0 |a obchod medzinárodný 
610 2 0 |a obchod zahraničný 
610 2 0 |a tovar 
610 2 0 |a doložka zmluvná 
610 2 0 |a zmluvy medzinárodné 
610 2 0 |a komory obchodné 
610 2 0 |a partneri obchodní 
610 2 0 |a regulácia 
610 2 0 |a právo obchodné 
100 1 |a Valachovičová, Viktória